[Event "RUS-ch 54 sfin op"]
[Site "Gatchina"]
[Date "2001.??.??"]
[Round "6"]
[White "Zakharevich, Igor"]
[Black "Anjuhin, Alex"]
[Result "1/2-1/2"]
[WhiteElo "2485"]
[BlackElo "2460"]
[PlyCount "131"]
[EventDate "2001.??.??"]
[EventType "swiss"]
[EventRounds "9"]
[EventCountry "RUS"]
[Source "Fruth,M"]
[SourceDate "2003.05.15"]

1. d4 d5 2. Nf3 Nf6 3. c4 c6 4. Nc3 dxc4 5. a4 Bg4 6. Ne5 Bh5 7. h3 Na6 8. g4
Bg6 9. Bg2 Nb4 10. O-O Bc2 11. Qd2 Bb3 12. Ne4 Nc2 13. Nc5 Rc8 14. Rb1 e6 15.
Nxb3 cxb3 16. e3 Qb6 17. Qd3 Qb4 18. a5 Ne1 19. Qd1 Nxg2 20. Kxg2 Qxa5 21. Qxb3
Qd5+ 22. Qxd5 cxd5 23. f3 Bd6 24. Nd3 Rc2+ 25. Rf2 Rxf2+ 26. Kxf2 Ke7 27. Ra1
a6 28. Bd2 Rc8 29. Ke2 Nd7 30. Ra2 h5 31. g5 f6 32. Ra1 Kf7 33. Rg1 Nf8 34. b4
Ng6 35. Nc5 Bxc5 36. bxc5 Ne7 37. Rb1 Rc7 38. gxf6 gxf6 39. Be1 Nc6 40. Bg3 e5
41. Bf2 Na7 42. Kd3 Nb5 43. Rg1 exd4 44. exd4 Rc8 45. Bh4 b6 46. Bf2 Rc6 47.
Rb1 Re6 48. Ra1 bxc5 49. dxc5 Ke7 50. Rg1 Kd7 51. Rg8 Re5 52. Ra8 Nc7 53. Ra7
Kc6 54. Bg3 Re7 55. Bxc7 Rxc7 56. Rxa6+ Kxc5 57. Rxf6 Ra7 58. Rf4 Ra3+ 59. Ke2
Rc3 60. Rh4 d4 61. Rxh5+ Kc4 62. Ra5 Rc2+ 63. Kd1 Rh2 64. Ra4+ Kc3 65. Ra3+ Kb4
66. Ra8 1/2-1/2

[Event "Athens Acropolis op"]
[Site "Athens"]
[Date "2004.11.19"]
[Round "4"]
[White "Halkias, Stelios"]
[Black "Fontaine, Robert"]
[Result "1/2-1/2"]
[WhiteElo "2526"]
[BlackElo "2531"]
[PlyCount "39"]
[EventDate "2004.11.16"]
[EventType "swiss"]
[EventRounds "9"]
[EventCountry "GRE"]
[Source "ChessBase"]
[SourceDate "2004.12.30"]

1. c4 d5 2. d4 c6 3. Nc3 Nf6 4. Nf3 dxc4 5. a4 Bg4 6. Ne5 Bh5 7. f3 Nfd7 8.
Nxc4 e5 9. Ne4 Bb4+ 10. Bd2 Qe7 11. Bxb4 Qxb4+ 12. Qd2 Qxd2+ 13. Kxd2 exd4 14.
Ned6+ Kd8 15. h4 f6 16. Nxb7+ Kc7 17. Nba5 Na6 18. e3 dxe3+ 19. Nxe3 Nb4 20.
Bc4 1/2-1/2

[Event "Ashdod op"]
[Site "Ashdod"]
[Date "2004.12.11"]
[Round "3"]
[White "Zilberman, Yaacov"]
[Black "Huzman, Alexander"]
[Result "1/2-1/2"]
[WhiteElo "2459"]
[BlackElo "2581"]
[PlyCount "20"]
[EventDate "2004.12.09"]
[EventType "swiss"]
[EventRounds "9"]
[EventCountry "ISR"]
[Source "ChessBase"]
[SourceDate "2004.12.30"]

1. d4 d5 2. c4 c6 3. Nc3 Nf6 4. Nf3 dxc4 5. a4 Bg4 6. Ne5 Bh5 7. f3 Nfd7 8.
Nxc4 e5 9. Ne4 Bb4+ 10. Bd2 Qe7 1/2-1/2

[Event "Wch U20"]
[Site "Yerevan"]
[Date "2006.10.09"]
[Round "7"]
[White "Zhou Jianchao"]
[Black "Gupta, Abhijeet"]
[Result "1-0"]
[WhiteElo "2522"]
[BlackElo "2481"]
[PlyCount "73"]
[EventDate "2006.10.03"]
[EventType "swiss"]
[EventRounds "13"]
[EventCountry "ARM"]
[Source "ChessBase"]
[SourceDate "2006.11.01"]

1. d4 d5 2. c4 c6 3. Nf3 Nf6 4. Nc3 dxc4 5. a4 Bg4 6. Ne5 Bh5 7. f3 e6 8. g4
Bg6 9. h4 c5 10. dxc5 Nc6 11. Nxc6 bxc6 12. h5 Qc7 13. Be3 Rd8 14. Qc1 Bd3 15.
Kf2 Qe5 16. g5 Nd5 17. Nxd5 Rxd5 18. f4 Qb8 19. exd3 Bxc5 20. Bxc5 Rxc5 21.
dxc4 h6 22. Ra3 Ke7 23. Rf3 Rd8 24. gxh6 gxh6 25. Be2 Rf5 26. Qe3 c5 27. b3 Rd4
28. Rh4 Qb4 29. Rh1 Qb8 30. Rh4 Qb4 31. Kg2 Qb7 32. Bd3 Rf6 33. Bc2 Qb4 34. Kg3
Qb8 35. Rg4 Qa8 36. f5 Rd6 37. Be4 1-0